[Event "FRA-ch Blitz Online Qual"]
[Site "Europe Echecs INT"]
[Date "2020.05.16"]
[Round "3"]
[White "Minde, Timothe"]
[Black "Deschamps, Quentin"]
[Result "0-1"]
[WhiteElo "1075"]
[BlackElo "1908"]
[PlyCount "82"]
[EventDate "2020.05.16"]
[EventType "swiss (blitz)"]
[EventRounds "15"]
[EventCountry "FRA"]
[SourceTitle "CBM 196 Extra"]
[Source "ChessBase"]
[SourceDate "2020.07.31"]
[SourceVersion "1"]
[SourceVersionDate "2020.07.31"]
[SourceQuality "1"]

1. e4 e6 2. d4 d5 3. e5 c5 4. c3 Qb6 5. Nf3 Nc6 6. Bd3 Bd7 7. Bc2 Nh6 8. 0-0 Nf5 9. Bxf5 exf5 10. b3 Be6 11. Bb2 Be7 12. Nbd2 0-0 13. Re1 Rac8 14. Qe2 Rfe8 15. Nb1 f6 16. exf6 Bxf6 17. Na3 cxd4 18. cxd4 Nxd4 19. Nxd4 Bxd4 20. Bxd4 Qxd4 21. Rad1 Qc5 22. Nb1 Bf7 23. Qd2 Rxe1+ 24. Rxe1 g6 25. h3 d4 26. Rd1 Rd8 27. b4 Qe5 28. a3 b5 29. Re1 Qd6 30. Rd1 Bc4 31. Qc2 d3 32. Qc3 Qd4 33. Qxd4 Rxd4 34. Nd2 Kf7 35. Nxc4 bxc4 36. Kf1 c3 37. Ke1 c2 38. Rc1 d2+ 39. Ke2 dxc1Q 40. b5 Qd1+ 41. Ke3 c1Q# 0-1

[Event "FRA-ch Blitz Online Qual"]
[Site "Europe Echecs INT"]
[Date "2020.05.16"]
[Round "10"]
[White "Minde, Timothe"]
[Black "Ratsavong, Moukda"]
[Result "1-0"]
[WhiteElo "1075"]
[BlackElo "1789"]
[PlyCount "95"]
[EventDate "2020.05.16"]
[EventType "swiss (blitz)"]
[EventRounds "15"]
[EventCountry "FRA"]
[SourceTitle "CBM 196 Extra"]
[Source "ChessBase"]
[SourceDate "2020.07.31"]
[SourceVersion "1"]
[SourceVersionDate "2020.07.31"]
[SourceQuality "1"]

1. e4 c5 2. Nf3 Nc6 3. d4 cxd4 4. Nxd4 Nf6 5. Nc3 e6 6. Bb5 Bb4 7. Nxc6 bxc6 8. Bd3 d5 9. exd5 exd5 10. 0-0 0-0 11. Bg5 Be7 12. Re1 Rb8 13. Qe2 Be6 14. Rab1 Re8 15. Qd2 h6 16. Bh4 Rb4 17. Bg3 Bd6 18. a3 Rb8 19. Bxd6 Qxd6 20. Be2 Red8 21. Bf3 c5 22. Red1 Qe5 23. Re1 Qd6 24. Red1 d4 25. Ne4 Nxe4 26. Bxe4 Ba2 27. Ra1 Rxb2 28. c3 Rxd2 29. Rxd2 Bc4 30. cxd4 cxd4 31. Rad1 Qe5 32. Bd3 Bxd3 33. Rxd3 g6 34. g3 Kg7 35. Kg2 Qe4+ 36. Kg1 h5 37. h4 f6 38. Kf1 Re8 39. Kg1 Rd8 40. Kf1 g5 41. hxg5 fxg5 42. Kg1 Kg6 43. Kf1 Qh1+ 44. Ke2 Qe4+ 45. Kf1 h4 46. gxh4 gxh4 47. Rh3 Qe2+ 48. Kxe2 1-0

[Event "FRA-ch Blitz Online Qual"]
[Site "Europe Echecs INT"]
[Date "2020.05.16"]
[Round "6"]
[White "Payet, Thomas"]
[Black "Minde, Timothe"]
[Result "0-1"]
[WhiteElo "1356"]
[BlackElo "1075"]
[PlyCount "103"]
[EventDate "2020.05.16"]
[EventType "swiss (blitz)"]
[EventRounds "15"]
[EventCountry "FRA"]
[SourceTitle "CBM 196 Extra"]
[Source "ChessBase"]
[SourceDate "2020.07.31"]
[SourceVersion "1"]
[SourceVersionDate "2020.07.31"]
[SourceQuality "1"]

1. e4 e6 2. Nf3 d5 3. exd5 exd5 4. d4 Bd6 5. c4 c6 6. cxd5 cxd5 7. Nc3 Ne7 8. Bg5 f6 9. Be3 0-0 10. Bd3 Bg4 11. h3 Bh5 12. g4 Bg6 13. Bxg6 Nxg6 14. h4 Re8 15. Qd2 Bf4 16. 0-0-0 Bxe3 17. fxe3 Nc6 18. h5 Nf8 19. Rde1 Qd6 20. e4 dxe4 21. Nxe4 Qd5 22. Nc3 Qxf3 23. Rxe8 Rxe8 24. Re1 Rxe1+ 25. Qxe1 Qf4+ 26. Kb1 Qc7 27. d5 Ne5 28. Qd2 Qd6 29. Ne4 Qd7 30. d6 Nf7 31. h6 Ng6 32. hxg7 Kxg7 33. Qd4 Nge5 34. Kc2 Nxd6 35. Nxd6 Kg6 36. Qe4+ Kg7 37. Nf5+ Kf7 38. Nh6+ Kg7 39. Nf5+ Kg8 40. Nh6+ Kh8 41. Qb4 Qd3+ 42. Kc1 Qc4+ 43. Qxc4 Nxc4 44. Nf7+ Kg7 45. Nd8 b6 46. Nb7 Ne5 47. Nd6 Nxg4 48. Nc8 h5 49. Nxa7 h4 50. Nc6 h3 51. Kd1 h2 52. Ke2 0-1